Novelistas posteriores a Cervantes
Gespeichert in:
| Format: | Buch |
|---|---|
| Sprache: | Undetermined |
| Veröffentlicht: |
Madrid, España
Rivadeneyra
1864
|
| Schriftenreihe: | Biblioteca de autores españoles, desde la formación del lenguaje hasta nuestros días
|
| Schlagworte: | |
| Online Zugang: | Acceso al texto completo |
| Tags: |
Tag hinzufügen
Keine Tags, Fügen Sie den ersten Tag hinzu!
|
MARC
| LEADER | 00000nam a2200000Ia 4500 | ||
|---|---|---|---|
| 008 | 170316s9999 xx 000 0 und d | ||
| 040 | |a cru BVZT | ||
| 090 | |a R-413 N-1n V.I BAE | ||
| 245 | |a Novelistas posteriores a Cervantes |c Manuel Rivadeneya, editor ; Cayetano Rosell, compilador | ||
| 260 | |a Madrid, España | ||
| 260 | |b Rivadeneyra | ||
| 260 | |c 1864 | ||
| 300 | |a XIV, 586 páginas |b Volumen I | ||
| 490 | |a Biblioteca de autores españoles, desde la formación del lenguaje hasta nuestros días | ||
| 500 | |a Compilación precedida de una noticia crítico bibliográfica por Cayetano Rosell Quinta parte de Don Quijote de la Mancha: de su andantesca caballería | ||
| 650 | |a REFERENCIA | ||
| 650 | |a NOVELA | ||
| 650 | |a LITERATURA CLÁSICA | ||
| 650 | |a ESPAÑA | ||
| 650 | |a DON QUIJOTE DE LA MANCHA: SU ANDANTESCA CABALLERÍA | ||
| 650 | |a EL ESPAÑOL GERARDO, Y DESENGAÑO DEL AMOR LASCIVO | ||
| 650 | |a DISCURSOS TRÁGICOS EJEMPLARES | ||
| 650 | |a FORTUNA VARIA DEL SOLDADO PINDARO | ||
| 650 | |a RELACIONES DE LA VIDA DEL ESCUDERO MARCOS DE OBREGÓN | ||
| 650 | |a LOS TRES MARIDOS BURLADOS | ||
| 650 | |a EL DONADO HABLADOR ALONSO, MOZO DE MUCHOS AMOS | ||
| 856 | |u https://babel.hathitrust.org/cgi/pt?id=ucm.5324722565;view=1up;seq=7 |y Acceso al texto completo | ||
| 942 | |c REF | ||
| 999 | |c 14824 |d 14824 | ||
